Haruman puisi cinta

Bibliographic Details
Main Author: Ahmad Fedtri Yahya
Format: Book
Published: Selangor : Yamani Angle Sdn. Bhd , 2012
Subjects:

MARC

LEADER 00000cam a2200000 7i4500
001 0000038843
005 20131126.0
008 131126
020 |a 9675370823 
090 0 0 |a 899.231   |b AHM 
100 0 |a Ahmad Fedtri Yahya 
245 1 0 |a Haruman puisi cinta   |c Ahmad Fedtri Yahya 
260 |a Selangor :   |b Yamani Angle Sdn. Bhd ,   |c 2012 
650 0 |a Love poetry 
650 0 |a Malay poetry 
999 |a 0001251931   |b Book   |c Adult Collection   |e Cawangan Tmn. Ungku Tun Aminah 
999 |a 0001251932   |b Book   |c Adult Collection   |e Cawangan Pontian 
999 |a 0001251933   |b Book   |c Adult Collection   |e Cawangan Segamat 
999 |a 0001251934   |b Book   |c Adult Collection   |e Cawangan Taman Sri Lambak 
999 |a 0001251935   |b Book   |c Adult Collection   |e Cawangan Kota Tinggi 
999 |a 0001251937   |b Book   |c Adult Collection   |e Cawangan Mersing 
999 |a 0001251938   |b Book   |c Adult Collection   |e Cawangan Bandar Penawar 
999 |a 0001251939   |b Book   |c Adult Collection   |e Cawangan Bandar Tenggara 
999 |a 0001251941   |b Book   |c Adult Collection   |e Cawangan Tangkak 
999 |a 0001251943   |b Book   |c Adult Collection   |e Cawangan Bukit Gambir 
999 |a 0001255508   |b Book   |c Adult Collection   |e Perbadanan Perpustakaan Awam Johor 
999 |a 0001255708   |b Book   |c Adult Collection   |e Perbadanan Perpustakaan Awam Johor